00481nam a22001577a 450000500170000000800410001702000180005804100130007608200140008910000230010324500710012625000200019726000460021730000340026365000260029720231116123334.0231116b |||||||| |||| 00| 0 eng d a9780702179464 aEnglish  a343.9 HAR aHare, J lEnglish  aShipping Law and Admiralty Jurisdiction in South Africa /cJ Hare  aSecond Edition  aCape Town : bJuta and Company Ltd,c2009 blxxxi, 1024 pages ; c26 cm.  aLegal practice bLaw